Practice Direction – Appointment of Managers under Section 24 of the Landlord and Tenant Act 1987 (Record no. 121637)

MARC details
000 -LEADER
fixed length control field 01126nam a22002057a 4500
008 - FIXED-LENGTH DATA ELEMENTS--GENERAL INFORMATION
fixed length control field 230726s2023 xxk||||| ||||o00| 0 eng d
041 ## - LANGUAGE CODE
Language code of text/sound track or separate title eng
110 ## - MAIN ENTRY--CORPORATE NAME
Corporate author Judiciary
245 ## - TITLE STATEMENT
Title Practice Direction – Appointment of Managers under Section 24 of the Landlord and Tenant Act 1987
260 ## - PUBLICATION INFORMATION
Publisher Courts & Tribunals Judiciary,
Date July 2023
490 ## - SERIES TITLE
Series statement Practice Direction
520 ## - ABSTRACT
Abstract A Courts and Tribunals Judiciary Property Chamber practice statement, updated in July 2023, gives leaseholders, prospective Managers, and landlords, an indication of the Tribunal's expectations of a proposed Manager when deciding whether to make an order under the Landlord and Tenant Act 1987 s.24. References requirement to be familiar with RICS codes and have similar protections for client money to RICS.
650 ## - KEYWORDS
Keywords LANDLORD AND TENANT
650 ## - KEYWORDS
Keywords PRACTICE DIRECTION
650 ## - KEYWORDS
Keywords LEASEHOLD PROPERTY
651 ## - SUBJECT ADDED ENTRY--GEOGRAPHIC NAME
Geographic name United Kingdom
690 ## - BROAD SUBJECT
9 (RLIN) 6252
Broad subject Landlord and tenant
856 ## - ONLINE RESOURCE
Uniform Resource Identifier <a href="https://www.judiciary.uk/wp-content/uploads/2022/01/AOM-Practice-Statement-July-2023.pdf">https://www.judiciary.uk/wp-content/uploads/2022/01/AOM-Practice-Statement-July-2023.pdf</a>
Public note Available via judiciary.uk
942 ## - ADDED ENTRY ELEMENTS (KOHA)
Suppress in OPAC Do not suppress in OPAC
Holdings
Lost status Damaged status Not for loan Home library Current library Shelving location Date acquired Total Checkouts Full call number Date last seen Price effective from Koha item type
      Virtual Virtual Online 26/07/2023   PRACTICE DIRECTION 26/07/2023 26/07/2023 Online material